| 000 | 00414nam a2200145Ia 4500 | ||
|---|---|---|---|
| 008 | 180627s9999 xx 000 0 und d | ||
| 020 | _a9789812533319 | ||
| 100 | _aMalone, Leo J. | ||
| 245 |
_cLeo J. Malone,Theodoro O. Dolter. _aBasic concepts chemistry / |
||
| 250 | _a8th ed | ||
| 260 |
_aUSA: _bJohn Wiley & Sons _c2010 |
||
| 300 | _avii, 539 pages | ||
| 650 | _aChemistry -- concepts | ||
| 650 | _aChemistry. | ||
| 999 |
_c358086 _d358086 |
||